| 000 | 00729cam a2200265Ia 4500 | ||
|---|---|---|---|
| 001 | 52850 | ||
| 005 | 20230410101612.0 | ||
| 008 | 060619s2005 cu 000 f spa d | ||
| 010 | _a 2006429856 | ||
| 035 | _a(OCoLC)ocm70137293 | ||
| 040 |
_aPIT _cPIT _dPIT _dDLC _dOCLCA |
||
| 020 | _a9591010044 | ||
| 020 | _a9789591010049 | ||
| 050 | 1 | 4 |
_a107 PQ 7390 _bP586m 2005 |
| 100 | 1 |
_aPicart Baluja, Gina, _d1956- |
|
| 245 | 1 | 0 |
_aMalevolgia / _cGina Picart. |
| 260 |
_aLa Habana, Cuba : _bEditorial Letras Cubanas, _cc2005. |
||
| 300 |
_a115 p. ; _c20 cm. |
||
| 490 | 1 | _aNovela | |
| 653 | _aLiteratura cubana | ||
| 830 | 0 | _aNovela (Editorial Letras Cubanas) | |
| 942 |
_2lcc _cbk |
||
| 946 | _almminaya | ||
| 994 |
_aC0 _bDRFGD |
||
| 999 |
_c10781 _d10781 |
||